Las herramientas de la cooperación y del cambio (Registro nro. 10735)

Detalles MARC
000 -LEADER
fixed length control field 00443 a2200133 4500
001 - CONTROL NUMBER
control field ART_9921
005 - DATE AND TIME OF LATEST TRANSACTION
control field 20260410161612.0
008 - FIXED-LENGTH DATA ELEMENTS--GENERAL INFORMATION
fixed length control field 260409a
100 1# - MAIN ENTRY--PERSONAL NAME
Personal name Christensen, Clayton M.
245 10 - TITLE STATEMENT
Title Las herramientas de la cooperación y del cambio
700 1# - ADDED ENTRY--PERSONAL NAME
Personal name Marx, Matt
700 1# - ADDED ENTRY--PERSONAL NAME
Personal name Stevenson, Howard H.
773 0# - HOST ITEM ENTRY
Title Harvard Business Review
Related parts El arsenal del líder para el cambio - Vol. 84, Nº 10 (oct. 2006)
Record control number REV340

No hay ítems disponibles.